000 01070cam a22003135a 4500
001 016073776
003 OSt
005 20201128021436.0
008 120926t2013 enka frbd 001 0 eng d
020 _a9780273766834 (pbk.)
020 _a027376683X (pbk.)
040 _aStDuBDS
_beng
_cStDuBDS
_dUk
_dEG-ScBUE
082 0 4 _a658.5
_222
_bKRA
100 1 _aKrajewski, Lee J.
_938950
245 1 0 _aOperations management :
_bprocesses and supply chains /
_cLee J. Krajewski, Larry P. Ritzman, Manoj K. Malhotra.
250 _a10th ed., Global ed.
260 _aHarlow :
_bPearson Education Limited,
_cc.2013.
300 _a671 p. :
_bill. (col.) ;
_c28 cm.
500 _aPrevious ed.: 2010.
500 _aGlossary : p. 639-652.
504 _aIncludes bibliographical references and indexes.
650 7 _aProduction management.
_2BUEsh
_91855
650 7 _aBusiness logistics.
_2BUEsh
_931004
651 _2BUEsh
653 _bBUSADM
_cJuly2015
_cDecember2015
700 1 _aRitzman, Larry P.,
700 1 _aMalhotra, Manoj K.
_q(Manoj Kumar),
_d1960-
942 _2ddc
999 _c20361
_d20333